000 01714nam a2200493 i 4500
001 41734
003 KOSZ 005
005 20240405063136.0
008 020322s2001 pl a |000 0 pol
015 _aUWD 2002/4834
020 _a8388840029
035 _a991017558409705066
035 _a(PL-WaBN)b14748642-48omnis_nlop
035 _ab14748642
035 _a(OCoLC)830286130
035 _azz2004975498
035 _a(PL)b0000001474864
035 _a(EXLNZ-48OMNIS_NETWORK)9910205905905606
040 _aWA N
_cWA N
_dKOSZ 005/HR
041 0 _apol
046 _k2001
080 _a336.71(438)"1989/..."
245 0 0 _aBanki w Polsce :
_bwyzwania i tendencje rozwojowe : praca zbiorowa /
_cpod red. Władysława L. Jaworskiego ; aut. Agnieszka Gąsowska [et al.].
260 _aWarszawa :
_b"Poltext",
_c2001.
300 _a339, [1] s. :
_bil. ;
_c24 cm.
336 _aTekst
_btxt
_2rdacontent
337 _aBez urządzenia pośredniczącego
_bn
_2rdamedia
338 _aWolumin
_bnc
_2rdacarrier
380 _aKsiążki
388 _a2001-
490 1 _aStudia Finansowo-Bankowe / Szkoła Główna Handlowa
648 7 _a1901-2000
648 7 _a1989-2000
650 7 _aBanki
_2DBN
651 7 _aPolska
658 _aGospodarka, ekonomia, finanse
700 1 _aGąsowska, Agnieszka
_eAutor
700 1 _aJaworski, Władysław Leopold
_d(1929-2017)
_eRedakcja
710 2 _aWydawnictwo Poltext
_4pbl
830 0 _aStudia Finansowo-Bankowe - Szkoła Główna Handlowa
856 _uhttp://koha.tu.koszalin.pl/cgi-bin/koha/opac-detail.pl?biblionumber=41734
_yKatalog online BPK
942 _2UKD
_cKS
999 _c41734
_d41734